000 00413nam a2200157 i 4500
001 96166
003 ES-MaACL
005 20230906181845.0
007 t|
008 050613s1933 sp ||||1| spa d
100 1 _aMadrid, Alfonso.
_975346
245 1 0 _aHoja de Otoño /
_cAlfonso Madrid.
260 _aMadrid :
_b[s.n.],
_c1933 (
_fNuevas Gráficas)
300 _a200 p. ;
_c18 cm.
852 _aES-MaACL
_jB-12607
999 _c96166
_d96166